[Event "Aragon-chT Preferente Gr-II"]
[Site "Aragon"]
[Date "2019.03.09"]
[Round "7.65"]
[White "Faro Perella, Alberto"]
[Black "Escartin Lacasa, Jose"]
[Result "0-1"]
[WhiteElo "1960"]
[BlackElo "1976"]
[PlyCount "82"]
[EventDate "2019.01.26"]
[EventType "team-tourn"]
[EventRounds "9"]
[EventCountry "ESP"]
[SourceTitle "EXT 2020"]
[Source "ChessBase"]
[SourceDate "2019.10.17"]
[SourceVersion "1"]
[SourceVersionDate "2019.10.17"]
[SourceQuality "1"]
[WhiteTeam "Binefar"]
[BlackTeam "Jaque II"]
[WhiteTeamCountry "ESP"]
[BlackTeamCountry "ESP"]

1. d4 d5 2. c4 c6 3. cxd5 cxd5 4. Nf3 Nf6 5. Nc3 Nc6 6. e3 Bf5 7. Ne5 e6 8. g4 Bg6 9. h4 Qc7 10. h5 Be4 11. f3 Nxe5 12. dxe5 Qxe5 13. Bb5+ Ke7 14. Rh3 Rd8 15. Qa4 Bxf3 16. Rxf3 d4 17. Ne2 Qe4 18. Qa3+ Rd6 19. exd4 Kd8 20. Qd3 Qxg4 21. Bf4 Rd5 22. Rg3 Qxh5 23. Bc4 Bb4+ 24. Kd1 Rf5 25. Kc2 Ke7 26. Qf3 Qxf3 27. Rxf3 g5 28. Rb3 a5 29. Bd2 Rc8 30. Bxb4+ axb4 31. Rxb4 b5 32. b3 bxc4 33. bxc4 Nd5 34. Rb7+ Kf8 35. c5 g4 36. a4 Rf2 37. Re1 Nf4 38. Kd2 g3 39. Rbb1 Ra8 40. c6 Rc8 41. Ke3 Ng2+ 0-1

[Event "Aragon-chT Preferente Gr-II"]
[Site "Aragon"]
[Date "2019.02.09"]
[Round "3.69"]
[White "Larrosa Poves, Jose Manuel"]
[Black "Faro Perella, Alberto"]
[Result "1-0"]
[WhiteElo "1912"]
[BlackElo "1960"]
[PlyCount "89"]
[EventDate "2019.01.26"]
[EventType "team-tourn"]
[EventRounds "9"]
[EventCountry "ESP"]
[SourceTitle "EXT 2020"]
[Source "ChessBase"]
[SourceDate "2019.10.17"]
[SourceVersion "1"]
[SourceVersionDate "2019.10.17"]
[SourceQuality "1"]
[WhiteTeam "Agrupacion III"]
[BlackTeam "Binefar"]
[WhiteTeamCountry "ESP"]
[BlackTeamCountry "ESP"]

1. d4 Nf6 2. c4 e5 3. dxe5 Ne4 4. Qc2 Bb4+ 5. Bd2 Nxd2 6. Nxd2 Nc6 7. Ngf3 Qe7 8. a3 Bxd2+ 9. Qxd2 Nxe5 10. Nxe5 Qxe5 11. e3 d6 12. Be2 Bf5 13. 0-0 0-0 14. Bf3 Be4 15. Bxe4 Qxe4 16. Qd5 Rfe8 17. Rfd1 Re5 18. Qxe4 Rxe4 19. Rac1 Kf8 20. c5 dxc5 21. Rxc5 Re7 22. b4 Ke8 23. Kf1 Rd8 24. Rxd8+ Kxd8 25. Ke2 Rd7 26. h4 g6 27. g4 Rd6 28. f4 Kd7 29. g5 b6 30. Rc4 c6 31. e4 a6 32. Ke3 Ke6 33. Rd4 c5 34. bxc5 bxc5 35. Rxd6+ Kxd6 36. Kd3 Kc6 37. Kc4 Kb6 38. a4 Kc6 39. a5 Kd6 40. f5 Kc6 41. fxg6 hxg6 42. e5 Kd7 43. Kxc5 Kc7 44. e6 fxe6 45. h5 1-0

[Event "Aragon-chT Preferente A"]
[Site "Aragon"]
[Date "2014.01.25"]
[Round "1.37"]
[White "Soriano Ascaso, Ignacio"]
[Black "Faro Perella, Alberto"]
[Result "0-1"]
[WhiteElo "2134"]
[BlackElo "1938"]
[PlyCount "73"]
[EventDate "2014.01.25"]
[EventType "team-tourn"]
[EventRounds "9"]
[EventCountry "ESP"]
[SourceTitle "EXT 2015"]
[Source "ChessBase"]
[SourceDate "2014.11.20"]
[SourceVersion "1"]
[SourceVersionDate "2014.11.20"]
[SourceQuality "1"]
[WhiteTeam "Sabinanigo"]
[BlackTeam "Binefar"]
[WhiteTeamCountry "ESP"]
[BlackTeamCountry "ESP"]

1. e4 d5 2. Nc3 Nf6 3. e5 d4 4. Nce2 Ng4 5. f4 g6 6. Nf3 c5 7. Ng3 Bg7 8. Bc4 e6 9. 0-0 0-0 10. Ng5 Nxe5 11. fxe5 Qxg5 12. Ne4 Qe7 13. Nf6+ Bxf6 14. exf6 Qd6 15. d3 e5 16. Qe1 Re8 17. Qh4 Be6 18. Bxe6 Rxe6 19. Bh6 Nd7 20. Bg7 e4 21. dxe4 Re5 22. g4 Rxe4 23. Rf3 h5 24. Rg3 Qd5 25. Qh3 Rae8 26. Rf1 Re3 27. gxh5 Rxg3+ 28. hxg3 gxh5 29. Bh6 d3 30. cxd3 Qxd3 31. Bf4 Qd4+ 32. Kh1 Nxf6 33. Qh4 Qd5+ 34. Kg1 Re2 35. Qg5+ Qxg5 36. Bxg5 Ne4 37. Bh4 0-1